Introduction to embedded systems (Record no. 240542)
[ view plain ]
| 000 -LEADER | |
|---|---|
| fixed length control field | 00713nam a22002177a 4500 |
| 005 - DATE AND TIME OF LATEST TRANSACTION | |
| control field | 20251014091954.0 |
| 008 - FIXED-LENGTH DATA ELEMENTS--GENERAL INFORMATION | |
| fixed length control field | 251014b |||||||| |||| 00| 0 eng d |
| 020 ## - INTERNATIONAL STANDARD BOOK NUMBER | |
| International Standard Book Number | 9789339219680 |
| 040 ## - CATALOGING SOURCE | |
| Transcribing agency | AL |
| 041 ## - LANGUAGE CODE | |
| Language code of text/sound track or separate title | English |
| 082 ## - DEWEY DECIMAL CLASSIFICATION NUMBER | |
| Classification number | 004.16 |
| Item number | VALI |
| 100 ## - MAIN ENTRY--PERSONAL NAME | |
| Personal name | Shibu Kizhakke Vallathai |
| 100 ## - MAIN ENTRY--PERSONAL NAME | |
| 9 (RLIN) | 242175 |
| 245 ## - TITLE STATEMENT | |
| Title | Introduction to embedded systems |
| 250 ## - EDITION STATEMENT | |
| Edition statement | 2. |
| 260 ## - PUBLICATION, DISTRIBUTION, ETC. | |
| Place of publication, distribution, etc. | Chennai |
| Name of publisher, distributor, etc. | McGraw Hill Education (India) Private Limited |
| Date of publication, distribution, etc. | 2024 |
| 300 ## - PHYSICAL DESCRIPTION | |
| Extent | xxiv,735p. |
| Other physical details | PB |
| Dimensions | 24x18.5cm |
| 365 ## - TRADE PRICE | |
| Price type code | ABDI/0818/25 |
| Price amount | ₹772.50 |
| Currency code | ₹ |
| Unit of pricing | ₹1030 |
| Price note | 25% |
| Price effective from | 03-10-2025 |
| 650 ## - SUBJECT ADDED ENTRY--TOPICAL TERM | |
| Topical term or geographic name entry element | Embedded Systems Understanding the basic concepts |
| 9 (RLIN) | 242176 |
| 650 ## - SUBJECT ADDED ENTRY--TOPICAL TERM | |
| Topical term or geographic name entry element | Design and Development of Embedded Product |
| 9 (RLIN) | 242177 |
| 942 ## - ADDED ENTRY ELEMENTS (KOHA) | |
| Source of classification or shelving scheme | Dewey Decimal Classification |
| Koha item type | Book |
| Withdrawn status | Lost status | Source of classification or shelving scheme | Damaged status | Not for loan | Collection code | Home library | Current library | Date acquired | Source of acquisition | Cost, normal purchase price | Total Checkouts | Full call number | Barcode | Date last seen | Cost, replacement price | Price effective from | Koha item type | Date last checked out |
|---|---|---|---|---|---|---|---|---|---|---|---|---|---|---|---|---|---|---|
| Dewey Decimal Classification | Computer Science and Engineering (Artificial Intelligence & Machine Learning) | St Aloysius Engineering Library | St Aloysius Engineering Library | 10/14/2025 | Academic Book Distributors, Bengaluru-562159 | 772.50 | 004.16 VALI | SE000080 | 10/14/2025 | 1030.00 | 10/03/2025 | Book | ||||||
| Dewey Decimal Classification | Computer Science and Engineering (Artificial Intelligence & Machine Learning) | St Aloysius Engineering Library | St Aloysius Engineering Library | 10/14/2025 | Academic Book Distributors, Bengaluru-562159 | 772.50 | 004.16 VALI | SE000081 | 10/14/2025 | 1030.00 | 10/03/2025 | Book | ||||||
| Dewey Decimal Classification | Computer Science and Engineering (Artificial Intelligence & Machine Learning) | St Aloysius Engineering Library | St Aloysius Engineering Library | 10/14/2025 | Academic Book Distributors, Bengaluru-562159 | 772.50 | 1 | 004.16 VALI | SE000082 | 02/21/2026 | 1030.00 | 10/03/2025 | Book | 02/12/2026 | ||||
| Dewey Decimal Classification | Computer Science and Engineering (Artificial Intelligence & Machine Learning) | St Aloysius Engineering Library | St Aloysius Engineering Library | 10/14/2025 | Academic Book Distributors, Bengaluru-562159 | 772.50 | 1 | 004.16 VALI | SE000083 | 02/21/2026 | 1030.00 | 10/03/2025 | Book | 02/12/2026 | ||||
| Dewey Decimal Classification | Computer Science and Engineering (Artificial Intelligence & Machine Learning) | St Aloysius Engineering Library | St Aloysius Engineering Library | 10/14/2025 | Academic Book Distributors, Bengaluru-562159 | 772.50 | 1 | 004.16 VALI | SE000084 | 06/15/2026 | 1030.00 | 10/03/2025 | Book | 01/23/2026 |